Statistiques concernant Paroles - Nekfeu - Dans l'univers

Cliquez ici pour prendre le quiz!

Statistiques générales

  • Ce quiz a été pris 883 fois
  • Le résultat moyen est 345 sur 442

Statistiques - réponses

Paroles% Correct
a
100%
à
100%
Dans
100%
dans
100%
de
100%
l'univers,
100%
l'univers
100%
Y
100%
y
100%
des
99%
milliards
99%
ce
98%
filles
98%
m'a
98%
mais
98%
toi
98%
c'est
97%
que
97%
Et
96%
et
96%
vie
96%
humains
95%
humains,
95%
sept
95%
Sept
95%
je
94%
Je
94%
sur
94%
terre
94%
d'êtres
93%
peut
93%
trois
93%
se
90%
Peut-être
89%
en
85%
le
85%
par
83%
qu'j'veux
83%
Tu
83%
tu
83%
me
82%
pas
82%
tes
82%
T'es
82%
ne
81%
plein
81%
qu'une,
81%
sais
81%
ton
81%
la
80%
mode
79%
choses
78%
obsédé
78%
vide
78%
j'déteste
75%
même
75%
qu'on
74%
ensemble
73%
heureux
72%
ta
72%
Nous
71%
si
70%
puis
69%
sépare
69%
serait
69%
ceux
68%
sommes
68%
mon
66%
on
66%
On
66%
rancune
66%
Notre
64%
notre
64%
part
64%
vices
63%
amour
62%
"jamais
62%
Jamais,
62%
jamais
62%
t'as
62%
vies
62%
Pourtant
61%
demain
60%
mal
60%
coeur
59%
dit
58%
Elle
58%
mains"
58%
du
57%
entre
57%
renaitre
57%
devait
55%
laissé
55%
les
55%
Quand
55%
quand
55%
m'as
53%
remettrai
52%
Un
52%
marques
51%
jeune
49%
mal-être
49%
n'oublie
49%
traiter
49%
c'était
48%
était
48%
s'aimer,
48%
l'avais
47%
pensait
47%
jeunes,
46%
temps
46%
désir
45%
jusqu'à
45%
combat
41%
pissenlits
41%
bouffe
40%
disparait
39%
oui
38%
dégoûte,
37%
puissant
37%
jour,
36%
moi
36%
nom
36%
prendras
36%
couple
35%
possession
35%
raté
35%
vois
35%
donneras
34%
qu'elle
31%
succombe
31%
nuit
30%
s'ennuie
30%
lune
28%
soleil
28%
seul
26%
homme
25%
sous
23%
dort
22%
d'un
21%
luit,
21%
J'y
20%
Nos
20%
traits
20%
cette
18%
inquiet
18%
lumière
18%
apprendre
17%
ombre
16%
coeurs
15%
pensais
15%
unis
15%
danse
13%

Distribution des résultats

Percentile par nombre de réponses

% des personnes avec chaque résultat

Votre développement - résultats

Vous n’avez pas pris ce quiz